« Retourner aux résultats de recherche
reine se confine ! (La)
| Auteur principal: | Frédéric Lenormand |
|---|---|
| Support: | Livres |
| Langue: | Francais |
| Series: |
Au service secret de Marie-Antoinette |
| Genre: |
Roman (gros caractères) |
| Sujets: | |
| Étiquettes: |
Ajouter
Pas de Tags !
|
| LEADER | 01030nam0a2200193 450 | ||
|---|---|---|---|
| 001 | 16847647 | ||
| 010 | |a 979-10-269-0592-9 |b br. |d 31 | ||
| 100 | |a 20220405d2022 u u0frey01 ba | ||
| 101 | 0 | |a fre | |
| 102 | |a FR | ||
| 200 | 0 | |a reine se confine ! (La) |f Frédéric Lenormand | |
| 207 | 1 | |a | |
| 215 | |a 1 vol. (656 p.) |d 22 x 15 cm | ||
| 330 | |a Alors que la France s'est ralliée en secret aux colonies américaines dans la guerre qui les oppose à l'Angleterre, Marie-Antoinette a attrapé la rougeole et se confine au Trianon. Pourtant, un émissaire américain vient perturber son isolement. Il est accusé de l'assassinat d'un de ses compatriotes et du vol d'un traité secret. La reine alerte Rose et Léonard qui se lancent dans l'enquête. | ||
| 461 | 0 | |t Au service secret de Marie-Antoinette |v 05 | |
| 700 | 0 | |a Lenormand |b Frédéric |f 1964-.... |4 70 | |
| 900 | |a Roman (gros caractères) | ||
| 901 | |a Accessible au prêt | ||
| 995 | |a Bibliothèque |c Bibliothèque |f 00156009944265 |h 00156009944265 |k R LEN 5 |o p |q a |r az |e Bibliothèque | ||
